00632cam a22002051 450000100060000000300080000600500170001400800410003103500190007204000270009104100080011808200230012610000270014924500910017626000480026730000350031550400300035065000110038065000350039129892BD-RjUL20211209051458.0140408s1968 nyua b 000 0 eng  a(BD-RjUL)29977 aDLCcDLCdBD-RjULbeng aeng00a612.822bBOB 19681 aBogoch, Samuel,d1928-14aThe biochemistry of memory :bwith an inquiry into the function of the brain mucoids / aNew York :bOxford University Press,c1968. axi, 254 p. :billus. ;c22 cm. aBibliography: p. 219-243. 0aBrain. 0aMemoryxPhysiological aspects.